Nové trendy súčasného populačného vývoja

Vývoj populácie v regiónoch sveta. Starnutie populácie v Európe. Veková pyramída populácie EÚ-27 v rokoch 2008 a 2060. Veková štruktúra obyvateľstva EÚ a cudzincov. Index ekonomickej závislosti starých ľudí v krajinách EÚ-15 v rokoch 2008 a 2060. Vývoj populácie na Slovensku. Zahraničná migrácia SR...

Descrizione completa

Salvato in:
Dettagli Bibliografici
Autore principale: Sivašová, Daniela, 1955-
Natura: Capitolo di libro
Lingua:slovacco
Soggetti:
Tags: Aggiungi Tag
Nessun Tag, puoi essere il primo ad aggiungerne!!

MARC

LEADER 00000naa$a2200000$$$4500
001 0190379
005 20240502083442.2
041 0 |a slo 
044 |a CZ 
245 1 0 |a Nové trendy súčasného populačného vývoja  |c Daniela Sivašová 
520 |a Vývoj populácie v regiónoch sveta. Starnutie populácie v Európe. Veková pyramída populácie EÚ-27 v rokoch 2008 a 2060. Veková štruktúra obyvateľstva EÚ a cudzincov. Index ekonomickej závislosti starých ľudí v krajinách EÚ-15 v rokoch 2008 a 2060. Vývoj populácie na Slovensku. Zahraničná migrácia SR v rokoch 1993-2010. Ukazovatele starnutia populácie. 
610 2 0 |a vývoj populačný 
610 2 0 |a starnutie populácie 
610 2 0 |a ukazovatele demografické 
610 2 0 |a Európska únia 
610 2 0 |a Slovensko 
100 1 |a Sivašová, Daniela, 1955-